Загрузка...
Fruit breeding V 1 : tree and tropical fruits
| Другие авторы: | |
|---|---|
| Формат: | Printed Book |
| Язык: | Undetermined |
| Опубликовано: |
New York
John Wiley and Sons
1995
|
| LEADER | 00531nam a2200157Ia 4500 | ||
|---|---|---|---|
| 008 | 140316s9999 xx 000 0 und d | ||
| 020 | |a 0471126705 | ||
| 082 | |a 634.0452 |b JAN/FR | ||
| 100 | |||
| 245 | |a Fruit breeding V 1 : tree and tropical fruits | ||
| 260 | |a New York |b John Wiley and Sons |c 1995 | ||
| 300 | |a 616 | ||
| 700 | |a Janick,Jules et al. | ||
| 942 | |2 ddc |c REF | ||
| 999 | |c 19954 |d 19954 | ||
| 952 | |0 0 |1 0 |2 ddc |4 0 |6 634_045200000000000_JANFR |7 0 |9 27791 |a KAUCLV |b KAUCLV |c REF |d 2014-03-18 |o 634.0452 JAN/FR |p 212688 |r 2014-03-18 |w 2014-03-18 |y REF | ||